000 00922nam a2200217Ia 4500
001 15561
003 GE_BSU
008 181216s||||||||xx |||||||||||||| ||und||
040 _cGE_BSU
080 _a821.353.1-1
245 _aციცინათელა
245 _bჭიათურა-საჩხერის ლიტ. გაერთიანების წევრთა ლექსები და მოთხრობები
245 _cრედ.გ.გეგეჭკორი. მხატვ.გ.ღლონტი
260 _aთბილისი
260 _bნაკადული
260 _c1979
300 _a71გვ.16სმ.
653 _aციცინათელა
653 _aჭიათურა-საჩხერის ლიტ. გაერთიანების წევრთა ლექსები და მოთხრობები
942 _cBK
999 _c48661
_d48661